Statistics for Animal Actors

Click here to take the quiz!

General Stats

  • This quiz has been taken 213 times
  • The average score is 9 of 24

Answer Stats

Hint Answer % Correct
The smartest collie in the world!Lassie
93%
Dorothy's dog, taken by evil Miss GulchToto
84%
"That'll do, pig. That'll do."Babe
77%
The TV dolphin who could almost talkFlipper
74%
TV's smart-alecky talking horseMr. Ed
72%
Charles Grodin's lovable St. BernardBeethoven
63%
The lion king of NarniaAslan
61%
German shepherd; an early animal actorRin Tin Tin
53%
Lioness who was Born FreeElsa
43%
Roy Rogers' ever-present horseTrigger
41%
Willard's friend, leader of the rat packBen
39%
Tarzan's chimpanzee companionCheeta
37%
Stray dog with his own film franchiseBenji
29%
Clint Eastwood's sidekick orangutanClyde
28%
Orange cat in 9 Lives TV commercialsMorris
28%
The Ziffel's "teenaged" pig on Green AcresArnold
26%
Donald O'Connor's talking muleFrancis
23%
Ronald Reagan's simian chargeBonzo
19%
Nick and Nora Charles' Yorkshire terrierAsta
18%
Katherine Hepburn & Cary Grant's "kitty"Baby
16%
Amputee dolphin who gets a new tailWinter
9%
Brooks' pet crow at Shawshank PrisonJake
7%
War HorseJoey
6%
Chimpanzee mascot for the Today ShowJ. Fred Muggs
3%

Score Distribution

Percentile by Number Answered

Percent of People with Each Score

Your Score History

You have not taken this quiz